Новые технологии в диагностике и лечении туберкулеза различных органов и систем (Запись № 434749)

Подробности
000 -МАРКЕР
контрольное поле 01954nam1a2200337 i 4500
001 - ИДЕНТИФИКАТОР ЗАПИСИ
контрольное поле RU\NLR\bibl\383134
005 - ИДЕНТИФИКАТОР ВЕРСИИ
контрольное поле 20260407082839.0
035 ## - ДРУГИЕ СИСТЕМНЫЕ НОМЕРА
Идентификатор записи (NLR Aleph) 000377528
100 ## - ДАННЫЕ ОБЩЕЙ ОБРАБОТКИ
Данные общей обработки 20030331d1998 k y0rusy50 ca
101 0# - ЯЗЫК РЕСУРСА
Язык текста, звукозаписи и т.д. русский
102 ## - СТРАНА ПУБЛИКАЦИИ ИЛИ ПРОИЗВОДСТВА
Страна публикации российская федерация
105 ## - ПОЛЕ КОДИРОВАННЫХ ДАННЫХ: ТЕКСТОВЫЕ МАТЕРИАЛЫ, МОНОГРАФИЧЕСКИЕ
Кодированные данные о монографическом текстовом документе a |||||||||
200 1# - ЗАГЛАВИЕ И СВЕДЕНИЯ ОБ ОТВЕТСТВЕННОСТИ
Основное заглавие Новые технологии в диагностике и лечении туберкулеза различных органов и систем
Сведения, относящиеся к заглавию Науч. тр. и материалы Всерос. конф., 25-27 нояб. 1998 г.
-- [В 2 т.]
Первые сведения об ответственности Под ред. Засл. деят. науки РФ, проф. А.В. Васильева
210 ## - ПУБЛИКАЦИЯ, РАСПРОСТРАНЕНИЕ И ДР.
Место издания, распространения и т.д. СПб.
Имя издателя, распространителя и т. д. С.-Петерб. НИИ фтизиопульмонологии
Дата издания, распространения и т.д. 1998
215 ## - ФИЗИЧЕСКАЯ ХАРАКТЕРИСТИКА
Размеры 20
300 ## - ОБЩИЕ ПРИМЕЧАНИЯ
Текст примечания В надзаг.: С.-Петерб. НИИ фтизиопульмонологии М-ва Здравоохранения Рос. Федерации
300 ## - ОБЩИЕ ПРИМЕЧАНИЯ
Текст примечания На тит. л.: К 15-летию ин-та и 75-летию предшественника - Ленингр. НИИ туберкулеза
309 ## - ПРИМЕЧАНИЯ ОБ ОСНОВНОМ ИСТОЧНИКЕ ИНФОРМАЦИИ И ОБ ОСОБЕННОСТЯХ ПОЛИГРАФИЧЕСКОГО ОФОРМЛЕНИЯ ИЗДАНИЯ
Текст примечания На обл.: XV
463 #0 - УРОВЕНЬ ФИЗИЧЕСКОЙ ЕДИНИЦЫ
Встроенное поле 001373822
463 #0 - УРОВЕНЬ ФИЗИЧЕСКОЙ ЕДИНИЦЫ
Встроенное поле 001373823
606 ## - НАИМЕНОВАНИЕ ТЕМЫ КАК ПРЕДМЕТ
Наименование темы Туберкулез
Формальный подзаголовок Съезды, совещания и т.п.
Системный номер авторитетной/нормативной записи 930954
Идентификатор авторитетной/нормативной записи RU\NLR\auth\6624202
686 ## - ИНДЕКСЫ ДРУГИХ КЛАССИФИКАЦИЙ
Индекс Р54я431(2)01
702 #1 - ИМЯ ЛИЦА - ВТОРИЧНАЯ ОТВЕТСТВЕННОСТЬ
Код отношения Редактор
Материалы, к которым относится поле rus
Графика поля Кириллица
Начальный элемент ввода Васильев
Часть имени, кроме начального элемента ввода А. В.
Даты 1938-1999
Дополнения к именам, кроме дат д-р мед. наук, фтизиатрия
Расширение инициалов личного имени Александр Васильевич
Идентификатор авторитетной/нормативной записи RU\NLR\AUTH\7713248
Системный номер авторитетной/нормативной записи 122942
711 12 - НАИМЕНОВАНИЕ ОРГАНИЗАЦИИ - АЛЬТЕРНАТИВНАЯ ОТВЕТСТВЕННОСТЬ
Начальный элемент ввода Всероссийская конференция по новым технологиям в диагностике и лечении туберкулеза различных органов и систем
Дата проведения временной организации 1998
Место проведения временной организации Санкт-Петербург
Идентификатор авторитетной/нормативной записи RU\NLR\AUTH\8810043623
Системный номер авторитетной/нормативной записи 586713
801 #0 - ИСТОЧНИК ЗАПИСИ
Страна российская федерация
Организация NLR
Дата составления 20030331
Правила каталогизации PSBO
801 #1 - ИСТОЧНИК ЗАПИСИ
Страна российская федерация
Организация NLR
Дата составления 20030331
852 ## - МЕСТОНАХОЖДЕНИЕ И ШИФР ХРАНЕНИЯ
Идентификатор организации NLR
Шифр хранения (Call Number) 2003-3/5395
942 ## - ДОПОЛНИТЕЛЬНЫЕ ЭЛЕМЕНТЫ ЗАПИСИ (АБИС)
Тип экземпляра АБИС Книга

Нет доступных экземпляров.